00821nam a2200229 a 450000100060000000300080000600500170001400800410003102000150007203500190008704000320010604100080013808200220014624501050016826000390027330000350031265000290034770000600037694200120043699900170044895201260046570084BD-RjUL20211209081949.0170416s1971 nyua 001 0 eng  a0805336702 a(BD-RjUL)70296 aDLCcDLCdEQOdBD-RjULbeng aeng a540223bHAM 197100aModels in chemical science :ban introduction to general chemistry /c George S. Hammond... [et. al] aNew York :bW. A. Benjamin,c1971. axiii, 422 p. :bill. ;c25 cm. 0aChemical models.92075591 aHammond, George S.q(George Simms),d1921-2005.9207560 2ddccBK c70084d70084 00102ddc40718NFICaRUCLbRUCLcReadingd1990-10-23eCanadal0o540 HAM 1971r2017-04-16 00:00:00tC-1w2017-04-16yBK